[Event "Andalucia Ch"]
[Site "Granada"]
[Date "1991.??.??"]
[Round "3"]
[White "Garcia Luque, Agustin"]
[Black "Perez Pardo, Juan Carlos"]
[Result "1/2-1/2"]
[WhiteElo "2280"]
[BlackElo "2305"]
[PlyCount "84"]
[EventDate "1991.??.??"]
[Source "www.chesslib.no"]
[SourceDate "2004.05.04"]

1. e4 e5 2. Nf3 Nc6 3. Bb5 a6 4. Ba4 f5 5. d4 exd4 6. e5 Bc5 7. O-O Nge7 8. Bb3
d5 9. exd6 Qxd6 10. Re1 h6 11. Nbd2 b5 12. a4 Bb7 13. axb5 axb5 14. Rxa8+ Bxa8
15. Re6 Qd7 16. Qe2 d3 17. cxd3 Kd8 18. d4 Nxd4 19. Nxd4 Bxd4 20. Nf3 Bf6 21.
Ne5 Bxe5 22. Qxe5 Re8 23. Be3 Bd5 24. Bxd5 Qxd5 25. h4 Qxe5 26. Rxe5 c6 27. Bc5
Kd7 28. Kf1 g6 29. h5 gxh5 30. g3 h4 31. gxh4 Nd5 32. Rxf5 Re4 33. Rh5 Rc4 34.
Be3 Nxe3+ 35. fxe3 Rb4 36. Ke2 Rxb2+ 37. Kd3 Rb3+ 38. Kd4 Rb4+ 39. Ke5 Rc4 40.
Rxh6 b4 41. e4 b3 42. Rd6+ Kc7 1/2-1/2

[Event "Eger Open"]
[Site "Eger"]
[Date "1991.??.??"]
[Round "?"]
[White "Vass, Attila"]
[Black "Biro, Sandor"]
[Result "0-1"]
[WhiteElo "2265"]
[BlackElo "2335"]
[PlyCount "22"]
[EventDate "1991.??.??"]
[Source "www.chesslib.no"]
[SourceDate "2004.05.04"]

1. e4 e5 2. Nf3 Nc6 3. Bb5 a6 4. Ba4 f5 5. d4 exd4 6. Bxc6 dxc6 7. Nxd4 fxe4 8.
Qh5+ g6 9. Qe5+ Kf7 10. Qxh8 Nf6 11. Bg5 Bb4+ 0-1

[Event "Tastrup"]
[Site "Tastrup"]
[Date "1990.??.??"]
[Round "8"]
[White "Brynell, Stellan"]
[Black "Bronstein, David I"]
[Result "1-0"]
[WhiteElo "2430"]
[BlackElo "2445"]
[PlyCount "88"]
[EventDate "1990.02.??"]
[Source "ChessBase"]

1. e4 e5 2. Nf3 Nc6 3. Bb5 a6 4. Ba4 f5 5. d4 exd4 6. e5 Bc5 7. O-O Nge7 8. Bb3
d5 9. exd6 Qxd6 10. Re1 h6 11. Nbd2 Qf6 12. Nc4 g5 13. Nce5 Kf8 14. c3 dxc3 15.
bxc3 Kg7 16. Nd3 Rd8 17. Qe2 b6 18. Nxc5 bxc5 19. Ba3 Ng6 20. Bxc5 Nf4 21. Qc4
Na5 22. Re7+ Qxe7 23. Bxe7 Nxc4 24. Bxd8 Be6 25. Bxc7 Nd5 26. Nd4 Bd7 27. Bxc4
Nxc7 28. Rb1 Nb5 29. a4 Nd6 30. Bd3 Kf6 31. Rb6 Ke5 32. Bxa6 Bxa4 33. g3 f4 34.
Kf1 Kd5 35. Ke2 Kc5 36. Rxd6 Kxd6 37. Bd3 Ke5 38. Kf3 Bd1+ 39. Kg2 Rc8 40. Nb5
f3+ 41. Kf1 Rc5 42. Ke1 Ba4 43. Nd4 g4 44. h3 Rxc3 1-0

[Event "HUN Ch"]
[Site "HUN"]
[Date "1989.??.??"]
[Round "?"]
[White "Feher, Gyula"]
[Black "Kallai, Gabor"]
[Result "1-0"]
[WhiteElo "2410"]
[BlackElo "2430"]
[PlyCount "83"]
[EventDate "1989.05.??"]
[Source "www.chesslib.no"]
[SourceDate "2004.05.04"]

1. e4 e5 2. Nf3 Nc6 3. Bb5 a6 4. Ba4 f5 5. d4 exd4 6. e5 Bc5 7. O-O Nge7 8. c3
dxc3 9. Nxc3 d5 10. Bg5 d4 11. Bxc6+ bxc6 12. Bxe7 Kxe7 13. Ne2 Qd7 14. Qd2 Rd8
15. Rad1 Kf8 16. Nexd4 Be7 17. Qc2 c5 18. e6 Qe8 19. Qxf5+ Kg8 20. Nc6 Rxd1 21.
Rxd1 Bf6 22. Nd8 a5 23. Ng5 Bxg5 24. Qxg5 Bxe6 25. Nxe6 Qxe6 26. a3 Re8 27. h4
Qe5 28. Qd2 Rb8 29. Qxa5 Rxb2 30. Qa8+ Kf7 31. Qf3+ Kg6 32. g4 h5 33. Rd5 Qe1+
34. Kg2 Qe6 35. Rg5+ Kh7 36. Rxh5+ Kg8 37. Rxc5 Rb3 38. Qa8+ Kf7 39. Rf5+ Ke7
40. Qf8+ Kd7 41. Qxg7+ Kc6 42. Rf6 1-0

[Event "Memorial G.Agzamov"]
[Site "Tashkent (Uzbekistan)"]
[Date "1988.??.??"]
[Round "?"]
[White "Yurtaev, Leonid"]
[Black "Vakhidov, Tahir"]
[Result "1-0"]
[WhiteElo "2485"]
[BlackElo "2275"]
[PlyCount "39"]
[EventDate "1988.??.??"]
[Source "www.chesslib.no"]
[SourceDate "2004.05.04"]

1. e4 e5 2. Nf3 Nc6 3. Bb5 a6 4. Ba4 f5 5. d4 exd4 6. e5 Bc5 7. O-O Nge7 8. c3
dxc3 9. Nxc3 O-O 10. Nd5 Kh8 11. Bg5 Nb4 12. Nf4 b5 13. Bb3 Qe8 14. Rc1 Bb6 15.
Rc3 Nbc6 16. Nh4 h6 17. Rh3 Kh7 18. Nhg6 Nxg6 19. Rxh6+ gxh6 20. Qh5 1-0

[Event "URS Ch sf"]
[Site "Moscow RUS"]
[Date "1988.??.??"]
[Round "?"]
[White "Timoshenko, Georgy"]
[Black "Arkhipkin, Yury"]
[Result "1-0"]
[WhiteElo "2450"]
[BlackElo "2330"]
[PlyCount "67"]
[EventDate "1988.??.??"]
[Source "www.chesslib.no"]
[SourceDate "2004.05.04"]

1. e4 e5 2. Nf3 Nc6 3. Bb5 a6 4. Ba4 f5 5. d4 exd4 6. e5 Bc5 7. O-O Nge7 8. Bb3
d5 9. exd6 Qxd6 10. Re1 Bd7 11. Ng5 O-O-O 12. Nf7 Qg6 13. Nd2 Na5 14. Nf3 Nxb3
15. N3e5 Nxa1 16. Nxg6 Nxg6 17. Bg5 Rdf8 18. Nxh8 Rxh8 19. Qxa1 f4 20. Qd1 Bf5
21. Bxf4 d3 22. Bg3 Bb4 23. cxd3 Bxe1 24. Qxe1 Kb8 25. Bxc7+ Ka8 26. d4 Rc8 27.
Bg3 Be4 28. h4 Bc6 29. Qe6 Re8 30. Qf7 Ne7 31. h5 g6 32. h6 Nf5 33. d5 Nxh6 34.
Qf4 1-0

[Event "Dortmund-B"]
[Site "Dortmund GER"]
[Date "1987.??.??"]
[Round "?"]
[White "Doery, Jeno"]
[Black "Zsinka, Laszlo"]
[Result "1/2-1/2"]
[WhiteElo "2375"]
[BlackElo "2320"]
[PlyCount "34"]
[EventDate "1987.04.??"]
[Source "www.chesslib.no"]
[SourceDate "2004.05.04"]

1. e4 e5 2. Nf3 Nc6 3. Bb5 a6 4. Ba4 f5 5. Nc3 b5 6. Bb3 b4 7. Nd5 fxe4 8. d4
exf3 9. Qxf3 Be7 10. Nxc7+ Qxc7 11. Qf7+ Kd8 12. Qxg7 d5 13. Qxh8 Be6 14. dxe5
Qxe5+ 15. Qxe5 Nxe5 16. Bf4 Ng6 17. Bg3 Nf6 1/2-1/2

[Event "ISL Ch"]
[Site "Akureyri"]
[Date "1987.??.??"]
[Round "12"]
[White "Hansson, Dan"]
[Black "Karason, Askell Oern"]
[Result "1-0"]
[WhiteElo "2290"]
[BlackElo "2255"]
[PlyCount "75"]
[EventDate "1987.??.??"]
[Source "www.chesslib.no"]
[SourceDate "2004.05.04"]

1. e4 e5 2. Nf3 Nc6 3. Bb5 a6 4. Ba4 f5 5. d3 fxe4 6. dxe4 Nf6 7. O-O d6 8. Qd3
Be7 9. c4 O-O 10. Nc3 Qe8 11. Nd5 Bd8 12. Bg5 Nh5 13. Bxd8 Qxd8 14. Rac1 Bg4
15. Bd1 Nf4 16. Nxf4 Rxf4 17. c5 Bxf3 18. Bxf3 Nd4 19. Bd1 Qg5 20. cxd6 cxd6
21. Rc7 b5 22. Qh3 Raf8 23. Rc8 Qe7 24. Bb3+ Kh8 25. Bd5 h6 26. b4 Kh7 27. Rxf8
Rxf8 28. Qe3 Rc8 29. Kh1 Rc2 30. f4 Re2 31. Qg3 Qf6 32. f5 Rc2 33. Qe3 Qh4 34.
h3 Ne2 35. Rf2 Ng3+ 36. Kh2 Nxf5 37. Rxf5 Qe1 38. Qxe1 1-0

[Event "DDR Ch 35th"]
[Site "Nordhausen"]
[Date "1986.??.??"]
[Round "?"]
[White "Schurade, Matthias"]
[Black "Goldberg, Alexander"]
[Result "0-1"]
[WhiteElo "2355"]
[BlackElo "2325"]
[PlyCount "80"]
[EventDate "1986.02.10"]
[Source "www.chesslib.no"]
[SourceDate "2004.05.04"]

1. e4 e5 2. Nf3 Nc6 3. Bb5 a6 4. Ba4 f5 5. d4 exd4 6. e5 Bc5 7. O-O Nge7 8. Bb3
d5 9. c3 dxc3 10. Nxc3 Be6 11. Bg5 h6 12. Bxe7 Nxe7 13. Rc1 Ba7 14. Nd4 Bxd4
15. Qxd4 O-O 16. Rfd1 c6 17. Na4 Rb8 18. f4 b6 19. Nc3 Qc8 20. Rd2 Rd8 21. Rcd1
c5 22. Qd3 b5 23. Qh3 d4 24. Bxe6+ Qxe6 25. Ne4 c4 26. Nd6 d3 27. Kh1 Rf8 28.
Qe3 Nc8 29. Nxc8 Rbxc8 30. a3 Rfd8 31. Re1 a5 32. Qa7 b4 33. axb4 axb4 34. Qe3
Qd5 35. e6 c3 36. e7 cxd2 37. exd8=Q+ Rxd8 38. Qxd2 Rc8 39. Re5 Qd4 40. h3 Rc2
0-1

[Event "Bannet Memorial corr8691"]
[Site "?"]
[Date "1986.??.??"]
[Round "?"]
[White "Mallee, Ralph"]
[Black "Wikman, Ragnar"]
[Result "1-0"]
[WhiteElo "2505"]
[BlackElo "2395"]
[PlyCount "83"]
[EventDate "1986.??.??"]
[Source "www.chesslib.no"]
[SourceDate "2004.05.04"]

1. e4 e5 2. Nf3 Nc6 3. Bb5 a6 4. Ba4 f5 5. d4 exd4 6. e5 Bc5 7. O-O Nge7 8. Bb3
d5 9. exd6 Qxd6 10. Re1 Bd7 11. Ng5 Rf8 12. Qh5+ Qg6 13. Qxg6+ hxg6 14. Bf4
O-O-O 15. Nd2 Bb4 16. Rad1 Kb8 17. a3 Bxd2 18. Rxd2 Bc8 19. Red1 Nd5 20. Bxd5
Rxd5 21. c3 Rfd8 22. Nf3 d3 23. Ne1 Ne5 24. Bxe5 Rxe5 25. f4 Re6 26. Kf2 Rde8
27. Nxd3 Rh8 28. h3 b6 29. Ne5 Rh4 30. Kg3 g5 31. fxg5 Re4 32. Nf3 c5 33. Kf2
Kc7 34. Re1 Bb7 35. h4 b5 36. g3 a5 37. Rde2 Kd6 38. Nd2 Rxe2+ 39. Rxe2 Be4 40.
Nxe4+ fxe4 41. Ke3 Ke5 42. Rf2 1-0

[Event "Bannet Memorial corr8691"]
[Site "?"]
[Date "1986.??.??"]
[Round "?"]
[White "Wolny, Ryszard"]
[Black "Wikman, Ragnar"]
[Result "1-0"]
[WhiteElo "2445"]
[BlackElo "2395"]
[PlyCount "67"]
[EventDate "1986.??.??"]
[Source "www.chesslib.no"]
[SourceDate "2004.05.04"]

1. e4 e5 2. Nf3 Nc6 3. Bb5 a6 4. Ba4 f5 5. d4 exd4 6. e5 Bc5 7. O-O Nge7 8. Bb3
d5 9. exd6 Qxd6 10. Re1 Bd7 11. Nbd2 O-O-O 12. Nc4 Qf6 13. Bg5 Qf8 14. Nce5 Be8
15. Nxc6 Bxc6 16. Ne5 Bd5 17. Qd3 c6 18. Bxd5 Rxd5 19. Qc4 Kc7 20. b4 Bd6 21.
Bxe7 Bxe7 22. Nd3 Bd6 23. a4 g5 24. Reb1 Qh6 25. h3 Ra8 26. b5 axb5 27. axb5
Rxa1 28. b6+ Kd8 29. Rxa1 Qe6 30. Re1 Qf6 31. Qa2 Bb8 32. Qa8 Kc8 33. Re8+ Rd8
34. Nc5 1-0

[Event "AUT-ch"]
[Site "Wolfsberg"]
[Date "1985.??.??"]
[Round "2"]
[White "Herndl, Harald"]
[Black "Roth, Peter"]
[Result "0-1"]
[WhiteElo "2325"]
[BlackElo "2325"]
[PlyCount "80"]
[EventDate "1985.??.??"]
[Source "ChessBase"]

1. e4 e5 2. Nf3 Nc6 3. Bb5 a6 4. Ba4 f5 5. d4 exd4 6. e5 Bc5 7. O-O Nge7 8. Bb3
d5 9. exd6 Qxd6 10. Re1 Bd7 11. Nbd2 O-O-O 12. Ng5 d3 13. Nc4 Qf6 14. Nf7 dxc2
15. Qxc2 Nd4 16. Qd3 Nxb3 17. Qxb3 Ba4 18. Qxa4 Qxf7 19. Qc2 Nc6 20. Bd2 Rhe8
21. b4 Ba7 22. Rac1 Rxe1+ 23. Rxe1 Qd5 24. Bg5 Qd3 25. Qc1 Rd4 26. Re8+ Nd8 27.
Nd2 h6 28. Bxd8 Rxd8 29. Qe1 Qd7 30. Rxd8+ Kxd8 31. Nf3 g5 32. h3 g4 33. Ne5 g3
34. Qe2 Bxf2+ 35. Kf1 Qd5 36. Ng6 b5 37. Ne7 Qd7 38. Ng8 Qg7 39. Qd2+ Qd7 40.
Qc2 Qd4 0-1

[Event "Rostock-B 10th"]
[Site "Rostock GER"]
[Date "1984.??.??"]
[Round "6"]
[White "Rossmann, Helmut"]
[Black "Goldberg, Alexander"]
[Result "1-0"]
[WhiteElo "2355"]
[BlackElo "2320"]
[PlyCount "57"]
[EventDate "1984.08.??"]
[Source "www.chesslib.no"]
[SourceDate "2004.05.04"]

1. e4 e5 2. Nf3 Nc6 3. Bb5 a6 4. Ba4 f5 5. d4 exd4 6. e5 Bc5 7. O-O Nge7 8. Bb3
d5 9. exd6 Qxd6 10. Re1 h6 11. Nbd2 Qf6 12. Nc4 Be6 13. Rxe6 Qxe6 14. Nb6 Qd6
15. Nxa8 Kd7 16. Nxc7 Kxc7 17. Ne1 g5 18. Nd3 Bb6 19. Bd2 Ng6 20. Qh5 Nce5 21.
Re1 Qf6 22. f4 Nxd3 23. cxd3 Nxf4 24. Bxf4+ gxf4 25. Re6 Qd8 26. Qg6 Ba5 27.
Qg7+ Kb8 28. Re7 Qc8 29. Qe5+ 1-0

[Event "Kamen Piskov Memorial 3rd"]
[Site "Ruse"]
[Date "1983.??.??"]
[Round "7"]
[White "Ilievski, Dimitar"]
[Black "Pantaleev, Dimitar"]
[Result "1/2-1/2"]
[WhiteElo "2390"]
[BlackElo "2355"]
[PlyCount "105"]
[EventDate "1983.06.??"]
[Source "www.chesslib.no"]
[SourceDate "2004.05.04"]

1. e4 e5 2. Nf3 Nc6 3. Bb5 a6 4. Ba4 f5 5. d3 fxe4 6. dxe4 d6 7. Nc3 Nf6 8. Bg5
Be7 9. Bxf6 Bxf6 10. Qd5 Bd7 11. O-O-O Qe7 12. h4 O-O-O 13. Qd2 Rdf8 14. Nd5
Qd8 15. a3 Kb8 16. Qe3 Ne7 17. Bxd7 Qxd7 18. g3 Nc8 19. Rd3 Bd8 20. Nc3 Qf7 21.
Rf1 h6 22. Kb1 c6 23. Qe2 g5 24. hxg5 hxg5 25. Nd1 g4 26. Nd2 Qe6 27. f4 gxf3
28. Rdxf3 Rxf3 29. Qxf3 Bg5 30. Ne3 Bxe3 31. Qxe3 Qg4 32. c4 Rh2 33. Kc2 d5 34.
cxd5 cxd5 35. Rf2 d4 36. Qf3 Qxf3 37. Rxf3 Nd6 38. Kd3 Kc7 39. Rf8 Rg2 40. Rg8
Kd7 41. a4 b5 42. axb5 axb5 43. b3 Rf2 44. Rg6 Ke7 45. b4 Rf8 46. Rg5 Kf6 47.
Nf3 Ra8 48. Rxe5 Ra3+ 49. Kxd4 Rxf3 50. Rc5 Ke6 51. e5 Nf5+ 52. Ke4 Rxg3 53.
Rxb5 1/2-1/2

[Event "DDR-ch 32th"]
[Site "Cottbus"]
[Date "1983.??.??"]
[Round "?"]
[White "Gruenberg, Hans Ulrich"]
[Black "Goldberg, Alexander"]
[Result "0-1"]
[WhiteElo "2450"]
[BlackElo "2290"]
[PlyCount "60"]
[EventDate "1983.02.??"]
[Source "ChessBase"]

1. e4 e5 2. Nf3 Nc6 3. Bb5 a6 4. Ba4 f5 5. d4 exd4 6. e5 Bc5 7. O-O Nge7 8. Bb3
d5 9. exd6 Qxd6 10. Re1 Bd7 11. Bg5 O-O-O 12. Bxe7 Nxe7 13. Ng5 Qg6 14. Nf7 Bc6
15. g3 Nd5 16. Nxh8 Rxh8 17. Bxd5 Bxd5 18. Re5 Qd6 19. Rxf5 Qe6 20. Rxd5 Qxd5
21. Qd3 Re8 22. Nd2 h5 23. h4 g5 24. hxg5 Qxg5 25. Ne4 Qe5 26. Nxc5 Qxc5 27.
Rd1 Kb8 28. Qxd4 Qxc2 29. a3 Qf5 30. Qd7 Re1+ 0-1

[Event "Cup"]
[Site "Riga LAT"]
[Date "1982.??.??"]
[Round "?"]
[White "Ivanov, Alexander"]
[Black "Sakovich, Igor"]
[Result "1-0"]
[WhiteElo "2515"]
[BlackElo "2305"]
[PlyCount "43"]
[EventDate "1982.??.??"]
[Source "www.chesslib.no"]
[SourceDate "2004.05.04"]

1. e4 e5 2. Nf3 Nc6 3. Bb5 a6 4. Ba4 f5 5. d4 exd4 6. e5 Bc5 7. O-O Nge7 8. Qe2
b5 9. Bb3 d5 10. exd6 Qxd6 11. a4 Na5 12. Ba2 b4 13. Nbd2 Bb7 14. Ng5 Bd5 15.
Re1 Bxa2 16. Rxa2 Qd5 17. Ne6 Kd7 18. Nxc5+ Qxc5 19. Nb3 Nxb3 20. Qe6+ Kd8 21.
Bg5 Re8 22. Re5 1-0

[Event "Leningrad (Russia)"]
[Site "?"]
[Date "1982.??.??"]
[Round "?"]
[White "Baikov Vladimir A"]
[Black "Sakovich Igor"]
[Result "1-0"]
[WhiteElo "2372"]
[BlackElo "2246"]
[PlyCount "98"]
[EventDate "1982.??.??"]
[Source "www.chesslib.no"]
[SourceDate "2004.05.04"]

1. e4 e5 2. Nf3 Nc6 3. Bb5 a6 4. Ba4 f5 5. d4 exd4 6. e5 Bc5 7. O-O Nge7 8. Re1
O-O 9. c3 dxc3 10. Nxc3 Kh8 11. a3 d5 12. b4 Ba7 13. Bb2 Be6 14. Ne2 f4 15. Qd2
Ng6 16. Bxc6 bxc6 17. Ned4 Qd7 18. Nxe6 Qxe6 19. Bd4 Bb6 20. Rac1 Ne7 21. Qc2
h6 22. Bc5 Rfe8 23. Nd4 Qf7 24. Qd3 a5 25. bxa5 Rxa5 26. Bxb6 cxb6 27. Nxc6 Rc5
28. Nd4 Rec8 29. Qd2 Ng6 30. Rb1 Qa7 31. Qb2 Qa4 32. h3 Kh7 33. e6 Ne7 34. Re5
Rc4 35. Nf5 Rc2 36. Qb4 Rc1+ 37. Kh2 Qd1 38. Rxc1 Rxc1 39. Qxf4 Ng6 40. Qe3 d4
41. Nxd4 Nxe5 42. Qxe5 Qe1 43. Qf5+ Kh8 44. Nf3 Qh1+ 45. Kg3 Qd1 46. e7 Qd6+
47. Qe5 Qg6+ 48. Kh2 Rc8 49. Nh4 Qf7 1-0

[Event "Quebec Open"]
[Site "Montreal CAN"]
[Date "1982.??.??"]
[Round "4"]
[White "Spraggett, Kevin B"]
[Black "Barbeau, Sylvain"]
[Result "1-0"]
[WhiteElo "2465"]
[BlackElo "2230"]
[PlyCount "73"]
[EventDate "1982.??.??"]
[Source "www.chesslib.no"]
[SourceDate "2004.05.04"]

1. e4 e5 2. Nf3 Nc6 3. Bb5 a6 4. Ba4 f5 5. d4 exd4 6. e5 Bc5 7. O-O Nge7 8. Bb3
d5 9. exd6 Qxd6 10. Re1 Bd7 11. Ng5 Nd8 12. Nd2 h6 13. Nc4 Qf6 14. Nf3 Ndc6 15.
Nce5 O-O-O 16. Nf7 g5 17. Nxh8 Rxh8 18. c3 dxc3 19. bxc3 Qxc3 20. Bd2 Qd3 21.
Rc1 Qd6 22. Qc2 Bb6 23. Bc3 Rh7 24. Rcd1 Qc5 25. Ne5 Nxe5 26. Rxe5 Qc6 27. Rxd7
Kxd7 28. Ba4 Bxf2+ 29. Kxf2 b5 30. Bb3 Kc8 31. Bb4 Qf6 32. Be6+ Kb8 33. Qb2 Qg7
34. Bc3 Qf8 35. Rxb5+ axb5 36. Qxb5+ Ka8 37. Bd4 1-0

[Event "Budapest"]
[Site "Budapest HUN"]
[Date "1980.??.??"]
[Round "?"]
[White "Trois, Francisco R T"]
[Black "Zsinka, Laszlo"]
[Result "1/2-1/2"]
[WhiteElo "2395"]
[BlackElo "2305"]
[PlyCount "85"]
[EventDate "1980.??.??"]
[Source "www.chesslib.no"]
[SourceDate "2004.05.04"]

1. e4 e5 2. Nf3 Nc6 3. Bb5 a6 4. Ba4 f5 5. d4 exd4 6. e5 Bc5 7. O-O Nge7 8. Re1
O-O 9. c3 dxc3 10. Nxc3 d5 11. Bb3 Kh8 12. Nxd5 Nxd5 13. Qxd5 Qxd5 14. Bxd5 Nb4
15. Bb3 Nd3 16. Re2 f4 17. e6 Re8 18. Bd2 h6 19. Bc3 Nxf2 20. Rxf2 Bxf2+ 21.
Kxf2 Bxe6 22. Bxe6 Rxe6 23. Rd1 Rae8 24. Rd7 Re2+ 25. Kf1 R8e7 26. Rxe7 Rxe7
27. Ne5 Kh7 28. Kf2 c5 29. Nd3 g5 30. Nxc5 Kg6 31. h3 Kf5 32. a4 Rc7 33. Nb3
Rc4 34. a5 h5 35. Nd4+ Ke4 36. Ne6 g4 37. Ng7 Rc5 38. Ne8 Kd3 39. Nf6 Rg5 40.
hxg4 hxg4 41. Ne8 Rg6 42. Nf6 Rg5 43. Nh7 1/2-1/2

[Event "Eksjo-B"]
[Site "Eksjo SWE"]
[Date "1980.??.??"]
[Round "9"]
[White "Donaldson, John W"]
[Black "Tjarnemo, Hakan"]
[Result "0-1"]
[WhiteElo "2360"]
[BlackElo "2200"]
[PlyCount "114"]
[EventDate "1980.??.??"]
[Source "www.chesslib.no"]
[SourceDate "2004.05.04"]

1. e4 e5 2. Nf3 Nc6 3. Bb5 a6 4. Ba4 f5 5. d4 exd4 6. e5 Bc5 7. O-O Nge7 8. c3
dxc3 9. Nxc3 d5 10. exd6 Qxd6 11. Qe2 Bd7 12. Bg5 O-O-O 13. Rfe1 Rhe8 14. Rad1
Qg6 15. Qc4 Bd6 16. Qh4 h6 17. Bf4 Bxf4 18. Qxf4 Qg4 19. Qc1 Ng6 20. Rxe8 Bxe8
21. Rxd8+ Kxd8 22. h3 Qf4 23. Qe1 Bd7 24. Bb3 Qd6 25. Qe2 Nf4 26. Qe3 g5 27.
Ba4 Ne7 28. Bxd7 Kxd7 29. h4 Ned5 30. Nxd5 Qxd5 31. hxg5 hxg5 32. g3 Nh3+ 33.
Kh2 g4 34. Ne5+ Kd6 35. Nd3 c5 36. Qe8 Kc7 37. Qe3 Kc6 38. b3 Ng5 39. Nb4+ cxb4
40. Qxg5 a5 41. Qf6+ Kb5 42. Qe7 Ka6 43. Qe2+ Kb6 44. Kg1 Qe4 45. Qd2 Kc7 46.
Kh2 b6 47. Qc1+ Kd7 48. Qd2+ Ke7 49. Qg5+ Kd6 50. Qd8+ Kc5 51. Qc7+ Qc6 52.
Qe5+ Qd5 53. Qe3+ Qd4 54. Qe7+ Kd5 55. Qd7+ Ke4 56. Qe6+ Qe5 57. Qxb6 Kf3 0-1

[Event "SWE-ch"]
[Site "Boras"]
[Date "1979.??.??"]
[Round "?"]
[White "Rorvall, Goran"]
[Black "Cramling, Dan"]
[Result "1-0"]
[WhiteElo "2360"]
[BlackElo "2355"]
[PlyCount "78"]
[EventDate "1979.07.01"]
[Source "ChessBase"]

1. e4 Nc6 2. Nf3 e5 3. Bb5 a6 4. Ba4 f5 5. d4 exd4 6. e5 Bc5 7. O-O Nge7 8. Bb3
d5 9. exd6 Qxd6 10. Re1 h6 11. Nbd2 b5 12. a4 Rb8 13. axb5 axb5 14. Nf1 Kf8 15.
Ng3 g5 16. Qe2 Bd7 17. Ra6 Rh7 18. Be6 Bxe6 19. Qxe6 Qxe6 20. Rxe6 Bb6 21. Bd2
Kf7 22. Re1 Rhh8 23. Kf1 Rhe8 24. Ne5+ Nxe5 25. Rxe5 f4 26. Ne4 Nc6 27. Rxe8
Kxe8 28. h4 gxh4 29. Nf6+ Kd8 30. Nd5 f3 31. Bxh6 fxg2+ 32. Kxg2 Kd7 33. Kh3
Rh8 34. Bg7 Rb8 35. f4 Kd6 36. Nxb6 cxb6 37. Kxh4 Nb4 38. Be5+ Ke6 39. Ra7 Rh8+
1-0

[Event "Wch U20"]
[Site "Graz"]
[Date "1978.??.??"]
[Round "5"]
[White "Pacis, Adrian"]
[Black "Bergmans, Norbert"]
[Result "1-0"]
[WhiteElo "2200"]
[BlackElo "2200"]
[PlyCount "57"]
[EventDate "1978.09.??"]
[Source "ChessBase"]

1. e4 e5 2. Nf3 Nc6 3. Bb5 a6 4. Ba4 f5 5. d3 fxe4 6. dxe4 d6 7. h3 Nf6 8. Nc3
Be7 9. O-O Bd7 10. a3 h6 11. Nh4 g5 12. Ng6 Rg8 13. Nxe7 Qxe7 14. Nd5 Nxd5 15.
exd5 Nd8 16. c4 Bxa4 17. Qxa4+ Qd7 18. Qc2 Nf7 19. Be3 O-O-O 20. Rac1 g4 21. h4
g3 22. c5 dxc5 23. Qxc5 Rg4 24. fxg3 Rxg3 25. Rf2 Nd6 26. Rfc2 Nb5 27. a4 Nd4
28. Bxd4 exd4 29. Qa7 1-0

[Event "Kamen Piskov Memorial 2nd"]
[Site "Ruse"]
[Date "1978.??.??"]
[Round "9"]
[White "Atanasov, Petko"]
[Black "Filchev, Rusko"]
[Result "1-0"]
[WhiteElo "2305"]
[BlackElo "2200"]
[PlyCount "49"]
[EventDate "1978.06.??"]
[Source "www.chesslib.no"]
[SourceDate "2004.05.04"]

1. e4 e5 2. Nf3 Nc6 3. Bb5 a6 4. Ba4 f5 5. d4 fxe4 6. Nxe5 Qh4 7. Bb3 Nf6 8.
Nf7 e3 9. Bxe3 d5 10. Nxh8 Bg4 11. Qd3 O-O-O 12. Nd2 Nxd4 13. Qxd4 c5 14. Nf3
cxd4 15. Nxh4 dxe3 16. fxe3 Bc5 17. Nf7 Re8 18. O-O Bh5 19. Nf5 Bxf7 20. Nxg7
Rxe3 21. Kh1 Bg6 22. Rxf6 Be4 23. Ne6 Be7 24. Rf2 Bh4 25. Rf8+ 1-0

[Event "EU Ch U20 7879"]
[Site "Groningen NED"]
[Date "1978.??.??"]
[Round "13"]
[White "Tiller, Bjorn"]
[Black "Cramling, Dan"]
[Result "1/2-1/2"]
[WhiteElo "2305"]
[BlackElo "2355"]
[PlyCount "37"]
[EventDate "1978.??.??"]
[Source "www.chesslib.no"]
[SourceDate "2004.05.04"]

1. e4 e5 2. Nf3 Nc6 3. Bb5 a6 4. Ba4 f5 5. Nc3 b5 6. Bb3 b4 7. Nd5 fxe4 8. d4
exf3 9. Qxf3 Be7 10. Bg5 Nf6 11. dxe5 Nxd5 12. Bxd5 Nxe5 13. Qe4 c6 14. Qxe5
cxd5 15. O-O Kf8 16. Bxe7+ Qxe7 17. Qxd5 Rb8 18. Rfe1 Qf6 19. Qc5+ 1/2-1/2

[Event "URS-ch otbor"]
[Site "Rostov"]
[Date "1976.??.??"]
[Round "?"]
[White "Monakov, A."]
[Black "Chernov, Igor"]
[Result "1-0"]
[WhiteElo "2200"]
[BlackElo "2200"]
[PlyCount "93"]
[EventDate "1976.??.??"]
[Source "ChessBase"]

1. e4 e5 2. Nf3 Nc6 3. Bb5 a6 4. Ba4 f5 5. d4 fxe4 6. Nxe5 Qh4 7. Nc3 Bd6 8.
O-O Nf6 9. f4 Bb4 10. Ne2 Nd8 11. c3 Bf8 12. Ng3 b5 13. f5 g5 14. Bc2 Bb7 15.
Qe2 Be7 16. Re1 O-O 17. Nxe4 Nxe4 18. Bxe4 Qxe4 19. Qxe4 Bxe4 20. Rxe4 d5 21.
Re2 Rxf5 22. Ng4 Bf8 23. Ne3 Rf7 24. Nxd5 c6 25. Bxg5 cxd5 26. Re8 Rd7 27. Rf1
Rf7 28. Rxd8 Rxd8 29. Bxd8 Bh6 30. Rxf7 Kxf7 31. Kf2 Bc1 32. b3 Bb2 33. Ba5 Kg6
34. Ke2 Kf5 35. Kd3 h5 36. Bc7 Bc1 37. c4 dxc4+ 38. bxc4 bxc4+ 39. Kxc4 h4 40.
d5 Be3 41. a4 Bf2 42. Kd3 Bg1 43. h3 Bf2 44. Ke2 Bd4 45. Kf3 Bf6 46. g4+ hxg3
47. Bxg3 1-0

[Event "Zetters"]
[Site "Birmingham ENG"]
[Date "1975.03.30"]
[Round "4"]
[White "Matera, Salvatore J"]
[Black "Bisguier, Arthur B"]
[Result "1/2-1/2"]
[WhiteElo "2385"]
[BlackElo "2445"]
[PlyCount "29"]
[EventDate "1975.03.27"]
[Source "www.chesslib.no"]
[SourceDate "2004.05.04"]

1. e4 e5 2. Nf3 Nc6 3. Bb5 a6 4. Ba4 f5 5. d4 exd4 6. e5 Bc5 7. O-O Nge7 8. Bb3
d5 9. exd6 Qxd6 10. Re1 h6 11. Nbd2 b5 12. a4 Rb8 13. axb5 axb5 14. Nf1 Bd7 15.
Ng3 1/2-1/2

[Event "Islington Open"]
[Site "Islington ENG"]
[Date "1972.12.16"]
[Round "2"]
[White "Hartston, William R"]
[Black "De Milliano, Rene"]
[Result "1-0"]
[WhiteElo "2420"]
[BlackElo "2160"]
[PlyCount "73"]
[EventDate "1972.12.15"]
[Source "www.chesslib.no"]
[SourceDate "2004.05.04"]

1. e4 e5 2. Nf3 Nc6 3. Bb5 a6 4. Ba4 f5 5. d4 exd4 6. e5 Bc5 7. O-O Nge7 8. Bb3
Na5 9. Nxd4 d5 10. Qh5+ g6 11. Qh4 Bxd4 12. Qxd4 Nxb3 13. axb3 Be6 14. Bg5 Qc8
15. Bf6 Rf8 16. Bxe7 Kxe7 17. Qh4+ Kd7 18. Qxh7+ Rf7 19. Qh6 Qg8 20. Qd2 f4 21.
Nc3 Rd8 22. Ne4 Kc8 23. Nf6 Qg7 24. Qxf4 g5 25. Qd4 Rh8 26. Qa7 Rxf6 27. exf6
Qh6 28. f3 Qxh2+ 29. Kf2 Qh4+ 30. Ke2 g4 31. Rh1 gxf3+ 32. gxf3 Bh3 33. f7 Qe7+
34. Kd2 Qxf7 35. Qa8+ Kd7 36. Qxh8 Qf4+ 37. Ke2 1-0

[Event "Skopje ol (Men)"]
[Site "Skopje MKD"]
[Date "1972.??.??"]
[Round "2"]
[White "Watzka, Horst"]
[Black "Bisguier, Arthur B"]
[Result "1/2-1/2"]
[WhiteElo "2200"]
[BlackElo "2430"]
[PlyCount "56"]
[EventDate "1972.09.??"]
[Source "www.chesslib.no"]
[SourceDate "2004.05.04"]

1. e4 e5 2. Nf3 Nc6 3. Bb5 a6 4. Ba4 f5 5. Nc3 b5 6. Bb3 b4 7. Na4 fxe4 8. Nxe5
Qg5 9. d4 Qxg2 10. Qh5+ g6 11. Bf7+ Kd8 12. Qg5+ Qxg5 13. Bxg5+ Be7 14. Nxc6+
dxc6 15. h4 Nf6 16. Nc5 Rf8 17. Bc4 Bxc5 18. dxc5 Ke7 19. a3 Rb8 20. b3 Be6 21.
Be2 a5 22. axb4 axb4 23. h5 Bf5 24. hxg6 Bxg6 25. Ra7 Kd7 26. Bxf6 Rxf6 27.
Bg4+ Kd8 28. Ke2 Rf7 1/2-1/2